5 most mentioned Countries on the JetPunk Discord by Continent - Statistics

General Stats
  • This quiz has been taken 383 times
  • The average score is 19 of 30
Answer Stats
Continent Mentions Answer % Correct
North America 323 United States
94%
Europe 325 United Kingdom
92%
Asia 311 China
91%
Europe 226 France
90%
North America 247 Canada
88%
Oceania 148 Australia
87%
Europe 219 Russia
87%
North America 136 Mexico
86%
Asia 470 Japan
84%
Oceania 74 New Zealand
84%
South America 186 Brazil
83%
Asia 347 India
82%
South America 80 Argentina
79%
Africa 59 South Africa
79%
South America 51 Chile
75%
South America 39 Colombia
72%
South America 46 Venezuela
69%
Africa 55 Congo(s)
58%
Europe 191 Ireland
55%
Africa 80 Guinea(s)
52%
Oceania 124 Palau
48%
Oceania 67 Kiribati
46%
Oceania 80 Nauru
46%
North America 48 Nicaragua
38%
Africa 72 Sudan(s)
37%
Africa 56 Chad
27%
Asia 222 Singapore
23%
North America 48 Saint Vincent and the Grenadines
18%
Asia 109 Cyprus
9%
Europe 236 Estonia
7%
No matching quizzes found
Score Distribution
Percent of People with Each Score
Percentile by Number Answered
Your Score History
You have not taken this quiz